[Event "Speed Chess (Women) GP3"]
[Site "Chess.com INT"]
[Date "2020.07.10"]
[Round "3.2"]
[White "Kosteniuk, Alexandra"]
[Black "Lagno, Kateryna"]
[Result "1/2-1/2"]
[WhiteElo "2471"]
[BlackElo "2546"]
[PlyCount "186"]
[EventDate "2020.07.08"]
[EventType "k.o. (blitz)"]
[EventRounds "4"]
[EventCountry "USA"]
[SourceTitle "CBM 197 Extra"]
[Source "ChessBase"]
[SourceDate "2020.09.30"]
[SourceVersion "1"]
[SourceVersionDate "2020.09.30"]
[SourceQuality "1"]

1. e4 e5 2. Nf3 Nc6 3. Bb5 a6 4. Ba4 b5 5. Bb3 Na5 6. O-O d6 7. d4 exd4 8. Nxd4
Bb7 9. Nf5 g6 10. Ng3 Nxb3 11. axb3 Bg7 12. Nc3 Nf6 13. Bf4 O-O 14. Re1 Re8 15.
b4 Qd7 16. Qd2 Qc6 17. Bh6 Bh8 18. f3 Qc4 19. Nce2 d5 20. b3 Qc6 21. Nd4 Qb6
22. e5 Nd7 23. f4 c5 24. bxc5 Nxc5 25. Kh1 b4 26. Rad1 a5 27. Nf3 a4 28. bxa4
Nxa4 29. f5 Nc3 30. Be3 Qc7 31. Rc1 Ne4 32. Nxe4 dxe4 33. Ng5 Qxe5 34. fxg6
hxg6 35. Qxb4 Bc6 36. Rcd1 Bf6 37. Nh3 Rad8 38. Nf4 Qc3 39. Qxc3 Bxc3 40. Rf1
Bb5 41. Rg1 Bc4 42. h4 Kg7 43. Kh2 Be5 44. g3 f6 45. Kg2 g5 46. hxg5 fxg5 47.
Nh3 g4 48. Ng5 Be2 49. Rxd8 Bf3+ 50. Kf2 Rxd8 51. Rb1 Rc8 52. Rb7+ Kg8 53. Nf7
Rxc2+ 54. Kf1 Bg7 55. Ng5 Rc3 56. Rb8+ Bf8 57. Bd4 Rc4 58. Ne6 Kf7 59. Rxf8+
Kxe6 60. Be3 Rb4 61. Re8+ Kd7 62. Re5 Rb1+ 63. Kf2 Rb2+ 64. Kf1 Rb1+ 65. Kf2
Kd6 66. Bf4 Rb2+ 67. Ke3 Re2+ 68. Kd4 Kd7 69. Rd5+ Ke6 70. Re5+ Kf7 71. Rf5+
Kg6 72. Re5 Ra2 73. Re6+ Kf7 74. Re5 Ra4+ 75. Ke3 Ra3+ 76. Kf2 Ra2+ 77. Ke3
Ra3+ 78. Kf2 Rd3 79. Rf5+ Ke6 80. Re5+ Kd7 81. Ke1 Kc6 82. Kf2 Rd1 83. Ke3 Rd3+
84. Kf2 Rc3 85. Ke1 Rc2 86. Kf1 Be2+ 87. Ke1 Bf3 88. Kf1 Kd7 89. Ke1 Ra2 90.
Kf1 Rc2 91. Ke1 Kc8 92. Kf1 Kb7 93. Ke1 Kc6 1/2-1/2

[Event "Speed Chess (Women) GP3"]
[Site "Chess.com INT"]
[Date "2020.07.10"]
[Round "3.3"]
[White "Lagno, Kateryna"]
[Black "Kosteniuk, Alexandra"]
[Result "1-0"]
[WhiteElo "2546"]
[BlackElo "2471"]
[PlyCount "65"]
[EventDate "2020.07.08"]
[EventType "k.o. (blitz)"]
[EventRounds "4"]
[EventCountry "USA"]
[SourceTitle "CBM 197 Extra"]
[Source "ChessBase"]
[SourceDate "2020.09.30"]
[SourceVersion "1"]
[SourceVersionDate "2020.09.30"]
[SourceQuality "1"]

1. e4 c6 2. Nc3 d5 3. Nf3 dxe4 4. Nxe4 Nf6 5. Qe2 Nxe4 6. Qxe4 Nd7 7. Bc4 Nf6
8. Ne5 e6 9. Qe2 b5 10. Bd3 Bb7 11. a4 a6 12. b3 Bd6 13. Bb2 O-O 14. O-O Qc7
15. f4 Rfe8 16. Rf3 Nd5 17. Rg3 f5 18. Rf1 Bf8 19. Qh5 Nf6 20. Qh4 Qd8 21. Nxc6
Bxc6 22. Bxf6 Qb6+ 23. Kh1 bxa4 24. bxa4 Ra7 25. Be5 Bxa4 26. Rh3 h6 27. Rg3
Bb5 28. c4 Bc6 29. Qxh6 Qb7 30. Qh4 a5 31. Be2 a4 32. Bh5 Qe7 33. Bf6 1-0

[Event "Speed Chess (Women) GP3"]
[Site "Chess.com INT"]
[Date "2020.07.10"]
[Round "3.4"]
[White "Kosteniuk, Alexandra"]
[Black "Lagno, Kateryna"]
[Result "1/2-1/2"]
[WhiteElo "2471"]
[BlackElo "2546"]
[PlyCount "64"]
[EventDate "2020.07.08"]
[EventType "k.o. (blitz)"]
[EventRounds "4"]
[EventCountry "USA"]
[SourceTitle "CBM 197 Extra"]
[Source "ChessBase"]
[SourceDate "2020.09.30"]
[SourceVersion "1"]
[SourceVersionDate "2020.09.30"]
[SourceQuality "1"]

1. e4 e5 2. Nf3 Nc6 3. Bb5 a6 4. Ba4 b5 5. Bb3 Na5 6. O-O d6 7. d4 exd4 8. Nxd4
Bb7 9. c4 Nxc4 10. Bxc4 bxc4 11. Re1 Nf6 12. Qa4+ Qd7 13. Qxc4 Be7 14. Nc3 O-O
15. Qd3 Rfe8 16. h3 d5 17. Nf5 dxe4 18. Qxd7 Nxd7 19. Nxe7+ Rxe7 20. Bf4 Nc5
21. Rad1 Rae8 22. Re2 Nd3 23. Bxc7 Nxb2 24. Rxb2 Rxc7 25. Nd5 Bxd5 26. Rxd5
Rc1+ 27. Kh2 Rc6 28. Re5 Rcc8 29. Rxe8+ Rxe8 30. Rb6 g6 31. Rxa6 e3 32. fxe3
Rxe3 1/2-1/2

[Event "Speed Chess (Women) GP3"]
[Site "Chess.com INT"]
[Date "2020.07.10"]
[Round "3.5"]
[White "Lagno, Kateryna"]
[Black "Kosteniuk, Alexandra"]
[Result "1-0"]
[WhiteElo "2546"]
[BlackElo "2471"]
[PlyCount "125"]
[EventDate "2020.07.08"]
[EventType "k.o. (blitz)"]
[EventRounds "4"]
[EventCountry "USA"]
[SourceTitle "CBM 197 Extra"]
[Source "ChessBase"]
[SourceDate "2020.09.30"]
[SourceVersion "1"]
[SourceVersionDate "2020.09.30"]
[SourceQuality "1"]

1. e4 c5 2. Nf3 Nc6 3. d4 cxd4 4. Nxd4 Nf6 5. Nc3 d6 6. Bc4 e6 7. Be3 a6 8. Qe2
Na5 9. Bd3 b5 10. b4 Nb7 11. a4 bxa4 12. Rxa4 a5 13. O-O Bd7 14. b5 Nc5 15. Ra2
Nxd3 16. Qxd3 Be7 17. Na4 O-O 18. c4 Qc7 19. f3 Rfc8 20. Rc2 Be8 21. Rfc1 Qb7
22. Nb3 Nd7 23. Qd2 Qc7 24. b6 Qc6 25. Nxa5 Qxa4 26. b7 Bd8 27. bxc8=Q Rxc8 28.
Nb7 Be7 29. Nxd6 Bxd6 30. Qxd6 Qb3 31. Qd2 Ne5 32. c5 Bc6 33. Qc3 Qxc3 34. Rxc3
f6 35. h3 Kf7 36. Bf4 Nd7 37. Bd6 e5 38. Ra3 Bb5 39. Ra7 Ke6 40. Rb1 Bc6 41.
Kf2 g5 42. Ke3 h5 43. h4 gxh4 44. Rh1 Rg8 45. Kf2 f5 46. exf5+ Kxf5 47. Rxh4
Nf6 48. Re7 e4 49. Re5+ Kg6 50. Ke3 exf3 51. gxf3 Ra8 52. Rf4 Ra3+ 53. Kf2 Nd5
54. Rf8 h4 55. Re6+ Kg7 56. Re5 Ra2+ 57. Ke1 Ra1+ 58. Kd2 h3 59. Rg5+ Kh6 60.
Rg3 Ra2+ 61. Kc1 Kh7 62. Rf5 Ra1+ 63. Kb2 1-0

[Event "Speed Chess (Women) GP3"]
[Site "Chess.com INT"]
[Date "2020.07.10"]
[Round "3.6"]
[White "Kosteniuk, Alexandra"]
[Black "Lagno, Kateryna"]
[Result "1-0"]
[WhiteElo "2471"]
[BlackElo "2546"]
[PlyCount "75"]
[EventDate "2020.07.08"]
[EventType "k.o. (blitz)"]
[EventRounds "4"]
[EventCountry "USA"]
[SourceTitle "CBM 197 Extra"]
[Source "ChessBase"]
[SourceDate "2020.09.30"]
[SourceVersion "1"]
[SourceVersionDate "2020.09.30"]
[SourceQuality "1"]

1. e4 e5 2. Nf3 Nc6 3. Bb5 a6 4. Ba4 b5 5. Bb3 Na5 6. O-O d6 7. Re1 Nf6 8. d4
Nxb3 9. axb3 Bb7 10. dxe5 dxe5 11. Qxd8+ Rxd8 12. Nxe5 Bc5 13. Nd3 Bb6 14. Nc3
O-O 15. Bg5 Rd7 16. Bxf6 gxf6 17. b4 Re8 18. Kf1 Rd4 19. f3 Rc4 20. g4 Bd4 21.
Ra3 c5 22. Rb3 cxb4 23. Nxb4 Rec8 24. Nbd5 Kg7 25. Ne7 Bxc3 26. bxc3 Rd8 27.
Nf5+ Kg6 28. Ke2 h5 29. gxh5+ Kxh5 30. Ne3 Rc5 31. Rg1 Bc8 32. f4 Be6 33. Ra3
Bc4+ 34. Kf3 Rd2 35. Nf5 Rxh2 36. Rg8 Rxc2 37. Rh8+ Kg6 38. Rh6# 1-0

[Event "Speed Chess (Women) GP3"]
[Site "Chess.com INT"]
[Date "2020.07.10"]
[Round "3.7"]
[White "Lagno, Kateryna"]
[Black "Kosteniuk, Alexandra"]
[Result "0-1"]
[WhiteElo "2546"]
[BlackElo "2471"]
[PlyCount "140"]
[EventDate "2020.07.08"]
[EventType "k.o. (blitz)"]
[EventRounds "4"]
[EventCountry "USA"]
[SourceTitle "CBM 197 Extra"]
[Source "ChessBase"]
[SourceDate "2020.09.30"]
[SourceVersion "1"]
[SourceVersionDate "2020.09.30"]
[SourceQuality "1"]

1. e4 e5 2. Nf3 Nc6 3. Bb5 a6 4. Ba4 Nf6 5. O-O Be7 6. d3 b5 7. Bb3 d6 8. a4 b4
9. a5 O-O 10. Nbd2 Be6 11. Nc4 h6 12. c3 bxc3 13. bxc3 Qc8 14. Re1 Rb8 15. Bc2
Bxc4 16. dxc4 Nd8 17. c5 Ne6 18. c6 Qe8 19. Ba4 Nc5 20. Qc2 Nxa4 21. Qxa4 Rb5
22. Qc4 Rc5 23. Qxa6 Rxc6 24. Qd3 Qa8 25. c4 Nd7 26. Bd2 Nc5 27. Qd5 Nb3 28.
Ra3 Nc5 29. Rb1 Ra6 30. Qxa8 Rfxa8 31. Re1 c6 32. Bb4 Nb7 33. Nd2 c5 34. Bc3
Nd8 35. Nb3 Nc6 36. g3 Bd8 37. Rea1 Kf8 38. f4 f6 39. Kg2 Ke7 40. Kf3 Kd7 41.
Kg4 Ke7 42. Kh5 Kf7 43. f5 Bc7 44. Kg4 Rb8 45. Kf3 Nd4+ 46. Bxd4 exd4 47. Ke2
Rb4 48. Kd3 Ke7 49. g4 Kd7 50. h4 Kc6 51. g5 hxg5 52. hxg5 fxg5 53. Rg1 Bd8 54.
Rh1 Ra7 55. Rh8 Kd7 56. Rg8 Bf6 57. Nd2 Ra6 58. Nf3 Rb7 59. e5 dxe5 60. Ke4
Rba7 61. Nxe5+ Bxe5 62. Kxe5 Kc6 63. Rc8+ Rc7 64. Rxc7+ Kxc7 65. Kd5 Rd6+ 66.
Kxc5 d3 67. Ra1 d2 68. Rd1 g4 69. a6 Rd3 70. a7 Kb7 0-1

[Event "Speed Chess (Women) GP3"]
[Site "Chess.com INT"]
[Date "2020.07.10"]
[Round "3.8"]
[White "Kosteniuk, Alexandra"]
[Black "Lagno, Kateryna"]
[Result "0-1"]
[WhiteElo "2471"]
[BlackElo "2546"]
[PlyCount "46"]
[EventDate "2020.07.08"]
[EventType "k.o. (blitz)"]
[EventRounds "4"]
[EventCountry "USA"]
[SourceTitle "CBM 197 Extra"]
[Source "ChessBase"]
[SourceDate "2020.09.30"]
[SourceVersion "1"]
[SourceVersionDate "2020.09.30"]
[SourceQuality "1"]

1. e4 e5 2. Nf3 Nc6 3. Bb5 a6 4. Ba4 Nf6 5. O-O b5 6. Bb3 Bc5 7. a4 Rb8 8. axb5
axb5 9. Nxe5 Nxe5 10. d4 Bxd4 11. Qxd4 d6 12. f4 Nc6 13. Qc3 Ne7 14. e5 Ne4 15.
Qe1 Nc5 16. Ba2 O-O 17. Be3 Nf5 18. Bf2 Bb7 19. Nd2 Ne6 20. Bxe6 fxe6 21. Rd1
Qe8 22. Ne4 Qc6 23. exd6 cxd6 0-1

[Event "Speed Chess (Women) GP3"]
[Site "Chess.com INT"]
[Date "2020.07.10"]
[Round "3.9"]
[White "Lagno, Kateryna"]
[Black "Kosteniuk, Alexandra"]
[Result "0-1"]
[WhiteElo "2546"]
[BlackElo "2471"]
[PlyCount "134"]
[EventDate "2020.07.08"]
[EventType "k.o. (blitz)"]
[EventRounds "4"]
[EventCountry "USA"]
[SourceTitle "CBM 197 Extra"]
[Source "ChessBase"]
[SourceDate "2020.09.30"]
[SourceVersion "1"]
[SourceVersionDate "2020.09.30"]
[SourceQuality "1"]

1. e4 e5 2. Nf3 Nc6 3. Bb5 a6 4. Ba4 Nf6 5. O-O Be7 6. d3 b5 7. Bb3 d6 8. c3
O-O 9. Re1 Na5 10. Bc2 c5 11. Nbd2 h6 12. Nf1 Be6 13. Ng3 Qd7 14. d4 cxd4 15.
cxd4 Rac8 16. dxe5 dxe5 17. Bd2 Nc4 18. Bc3 Qc7 19. a3 Rfd8 20. Qe2 Bg4 21.
Rad1 Bxf3 22. Qxf3 Nxa3 23. Bb3 Rxd1 24. Rxd1 b4 25. Bd2 Nb5 26. Be3 Bc5 27.
Rc1 Nd4 28. Bxd4 exd4 29. Nf5 Qe5 30. Qd3 Rc7 31. f3 Qf4 32. Rc2 g6 33. g3 Qe5
34. Nh4 Bb6 35. Nxg6 Qg5 36. Nf4 Rxc2 37. Bxc2 Qc5 38. Kg2 a5 39. Bb3 Qc1 40.
e5 Qxb2+ 41. Kh3 Nh7 42. Qg6+ Kh8 43. Qxf7 Ng5+ 44. Kg4 Nxf7 45. Bxf7 d3 46. e6
Qf6 47. Ng6+ Kg7 48. Nf4 Qg5+ 49. Kh3 d2 50. e7 Qxe7 51. Bb3 Qe1 52. Nh5+ Kg6
53. Nf4+ Kf6 54. Nd5+ Ke5 55. Nxb6 Qf1+ 56. Kh4 d1=Q 57. Bxd1 Qxd1 58. Nc4+ Kd4
59. Nxa5 Qxf3 60. g4 Qc3 61. Kh5 b3 62. Nxb3+ Qxb3 63. Kxh6 Qe6+ 64. Kh5 Ke5
65. h4 Kf4 66. g5 Kf5 67. g6 Qxg6# 0-1

[Event "Speed Chess (Women) GP3"]
[Site "Chess.com INT"]
[Date "2020.07.10"]
[Round "3.10"]
[White "Kosteniuk, Alexandra"]
[Black "Lagno, Kateryna"]
[Result "0-1"]
[WhiteElo "2471"]
[BlackElo "2546"]
[PlyCount "100"]
[EventDate "2020.07.08"]
[EventType "k.o. (blitz)"]
[EventRounds "4"]
[EventCountry "USA"]
[SourceTitle "CBM 197 Extra"]
[Source "ChessBase"]
[SourceDate "2020.09.30"]
[SourceVersion "1"]
[SourceVersionDate "2020.09.30"]
[SourceQuality "1"]

1. e4 e5 2. Nf3 Nc6 3. Bc4 Nf6 4. d3 Be7 5. O-O O-O 6. Re1 d6 7. a4 Kh8 8. Nc3
Ng8 9. d4 Bg4 10. dxe5 dxe5 11. Qxd8 Raxd8 12. Nd5 Bd6 13. c3 Bxf3 14. gxf3
Nge7 15. b4 f5 16. Bg5 h6 17. Bxe7 Nxe7 18. Nxe7 Bxe7 19. Rad1 Bd6 20. Be6 fxe4
21. fxe4 Rf3 22. Re3 Rxe3 23. fxe3 Be7 24. Rxd8+ Bxd8 25. Kf2 g5 26. Kf3 Kg7
27. Bc8 b6 28. Be6 a5 29. bxa5 bxa5 30. Bd7 Be7 31. c4 h5 32. h3 Kh6 33. Be8
g4+ 34. hxg4 h4 35. Kg2 Kg5 36. Kh3 Bc5 37. Bf7 Bxe3 38. Bd5 Bf2 39. Be6 Kf4
40. Bd5 Bg3 41. Bc6 Be1 42. Bd5 Kg5 43. Bc6 Bb4 44. Bd5 Be7 45. Bc6 Kf4 46. Bd5
Bg5 47. Bc6 Ke3 48. Bd5 Kd4 49. Kg2 Kc5 50. Be6 Kb4 0-1

[Event "Speed Chess (Women) GP3"]
[Site "Chess.com INT"]
[Date "2020.07.10"]
[Round "3.11"]
[White "Lagno, Kateryna"]
[Black "Kosteniuk, Alexandra"]
[Result "1-0"]
[WhiteElo "2546"]
[BlackElo "2471"]
[PlyCount "77"]
[EventDate "2020.07.08"]
[EventType "k.o. (blitz)"]
[EventRounds "4"]
[EventCountry "USA"]
[SourceTitle "CBM 197 Extra"]
[Source "ChessBase"]
[SourceDate "2020.09.30"]
[SourceVersion "1"]
[SourceVersionDate "2020.09.30"]
[SourceQuality "1"]

1. e4 e5 2. Nf3 Nc6 3. Bb5 a6 4. Ba4 Nf6 5. O-O Be7 6. d3 b5 7. Bb3 d6 8. c3
O-O 9. Nbd2 Na5 10. Bc2 c5 11. Re1 Qc7 12. Nf1 Nc6 13. Ng3 Re8 14. h3 Bf8 15.
Bg5 Be7 16. Rc1 Rb8 17. d4 h6 18. Be3 Na5 19. b3 c4 20. b4 Nc6 21. d5 Nd8 22.
a4 Bf8 23. axb5 axb5 24. Ra1 Bd7 25. Qe2 Qc8 26. Ra7 Nb7 27. Rea1 Qc7 28. R1a6
g6 29. Rb6 Qc8 30. Qd2 Kh7 31. Qc1 Nd8 32. Qa3 Rxb6 33. Bxb6 Bg7 34. Ra8 Qb7
35. Bxd8 Bc8 36. Ra7 Qb8 37. Bxf6 Bxf6 38. Rxf7+ Bg7 39. Qa7 1-0

[Event "Speed Chess (Women) GP3"]
[Site "Chess.com INT"]
[Date "2020.07.12"]
[Round "4.1"]
[White "Kosteniuk, Alexandra"]
[Black "Khademalsharieh, Sarasadat"]
[Result "0-1"]
[WhiteElo "2471"]
[BlackElo "2494"]
[PlyCount "240"]
[EventDate "2020.07.08"]
[EventType "k.o. (blitz)"]
[EventRounds "4"]
[EventCountry "USA"]
[SourceTitle "CBM 197 Extra"]
[Source "ChessBase"]
[SourceDate "2020.09.30"]
[SourceVersion "1"]
[SourceVersionDate "2020.09.30"]
[SourceQuality "1"]

1. e4 e5 2. Bc4 Nf6 3. d3 c6 4. Nf3 d5 5. Bb3 Bd6 6. Bg5 Be6 7. exd5 cxd5 8.
Nc3 d4 9. Ne4 Qa5+ 10. Bd2 Qd8 11. Bxe6 fxe6 12. Nxd6+ Qxd6 13. Qe2 Nc6 14. O-O
O-O 15. Rae1 Nd7 16. Ng5 h6 17. Ne4 Qd5 18. b3 Nf6 19. f4 Nxe4 20. Qxe4 Qxe4
21. Rxe4 exf4 22. Rxe6 Rf7 23. Rxf4 Rc8 24. a3 Ne7 25. Rxd4 Rxc2 26. Rd8+ Kh7
27. Be1 Nc6 28. Rd5 Ra2 29. a4 Rb2 30. h4 Rxb3 31. h5 Ra3 32. a5 Ra4 33. Bc3
Ra3 34. Rc5 Rd7 35. Rg6 Ra4 36. Rc4 Rxc4 37. dxc4 a6 38. Kf2 Re7 39. Rg4 Kg8
40. Rg6 Ne5 41. Bxe5 Rxe5 42. g4 Rxa5 43. Rb6 Rc5 44. Rxb7 Rxc4 45. Kf3 Ra4 46.
Ra7 Kh7 47. Kg3 Ra3+ 48. Kf4 Ra1 49. Kf5 Ra5+ 50. Kf4 Ra1 51. Kf3 Kg8 52. Kf4
Ra5 53. Kg3 Kf8 54. Kf3 Ra1 55. Kg3 Kg8 56. Kg2 a5 57. Kg3 a4 58. Kg2 a3 59.
Kf2 Kf8 60. Kg2 a2 61. Kh2 Ke8 62. Kg2 Kd8 63. Kh2 Kc8 64. Kg2 Kb8 65. Ra3 Kb7
66. Ra4 Kc6 67. Ra7 Kd5 68. Ra4 Ke5 69. Kh2 Kf6 70. Kg2 Ke5 71. Kh2 Kd5 72. Kg2
Kc5 73. Kh2 Kb5 74. Ra7 Kb4 75. Kg2 Kb3 76. Rb7+ Kc3 77. Ra7 Kd4 78. Ra4+ Ke3
79. Ra3+ Kf4 80. Ra4+ Kg5 81. Kh2 Kh4 82. Kg2 Rc1 83. Rxa2 Rc4 84. Kh2 Rxg4 85.
Ra5 Rg5 86. Ra7 Kxh5 87. Kh3 Rg1 88. Kh2 Rg4 89. Kh3 g5 90. Ra6 Rb4 91. Kg3
Rb3+ 92. Kg2 Rc3 93. Kh2 g4 94. Kg2 Kg5 95. Kh2 h5 96. Kg2 Rc4 97. Kh2 h4 98.
Ra5+ Kf4 99. Ra8 Rc2+ 100. Kg1 Re2 101. Ra4+ Re4 102. Ra3 Re3 103. Ra4+ Kg3
104. Ra1 h3 105. Kh1 Rd3 106. Rg1+ Kh4 107. Rb1 Rd4 108. Rf1 g3 109. Re1 Rf4
110. Rd1 Kg4 111. Rc1 Rb4 112. Rd1 Kf3 113. Rd3+ Kf2 114. Rd2+ Ke3 115. Rd1 Rb2
116. Ra1 Rh2+ 117. Kg1 Rd2 118. Ra3+ Rd3 119. Ra1 Ke2 120. Ra2+ Rd2 0-1

[Event "Speed Chess (Women) GP3"]
[Site "Chess.com INT"]
[Date "2020.07.12"]
[Round "4.2"]
[White "Khademalsharieh, Sarasadat"]
[Black "Kosteniuk, Alexandra"]
[Result "0-1"]
[WhiteElo "2494"]
[BlackElo "2471"]
[PlyCount "130"]
[EventDate "2020.07.08"]
[EventType "k.o. (blitz)"]
[EventRounds "4"]
[EventCountry "USA"]
[SourceTitle "CBM 197 Extra"]
[Source "ChessBase"]
[SourceDate "2020.09.30"]
[SourceVersion "1"]
[SourceVersionDate "2020.09.30"]
[SourceQuality "1"]

1. d4 Nf6 2. c4 e6 3. Nf3 Bb4+ 4. Bd2 Qe7 5. g3 Bxd2+ 6. Qxd2 Nc6 7. Nc3 d5 8.
cxd5 exd5 9. Bg2 O-O 10. O-O Re8 11. Rac1 h6 12. e3 Bf5 13. a3 a6 14. Ne1 Rad8
15. Nd3 Na7 16. Nc5 c6 17. Qd1 Nc8 18. Re1 Nd6 19. Ne2 g5 20. Rc3 Kg7 21. Nc1
a5 22. f3 Bg6 23. Bf1 b6 24. Na4 b5 25. Nc5 Nc4 26. Bxc4 bxc4 27. b3 cxb3 28.
N1xb3 Qc7 29. Qd2 g4 30. fxg4 Nxg4 31. Rcc1 h5 32. Qxa5 Qe7 33. Qd2 h4 34. Qg2
Nxe3 35. Qf3 Qg5 36. Qf4 Qxf4 37. gxf4 h3 38. Rc3 Nc2 39. Rxe8 Rxe8 40. Rxh3
Nxa3 41. Rg3 Kf6 42. Kf2 Re7 43. Na5 Nc2 44. Nxc6 Rc7 45. Ne5 Nxd4 46. Nxg6
fxg6 47. Nd3 Rc2+ 48. Kf1 Rxh2 49. Ne5 Kf5 50. Nxg6 Ne2 51. Rg5+ Ke4 52. Re5+
Kf3 53. Ke1 d4 54. Rd5 Nxf4 55. Nxf4 Kxf4 56. Rd8 Ke3 57. Re8+ Kd3 58. Rg8 Rh1+
59. Kf2 Kd2 60. Rd8 d3 61. Rc8 Rh7 62. Kf1 Rf7+ 63. Kg2 Kd1 64. Rc6 d2 65. Rc8
Rf5 0-1

[Event "Speed Chess (Women) GP3"]
[Site "Chess.com INT"]
[Date "2020.07.12"]
[Round "4.3"]
[White "Kosteniuk, Alexandra"]
[Black "Khademalsharieh, Sarasadat"]
[Result "0-1"]
[WhiteElo "2471"]
[BlackElo "2494"]
[PlyCount "78"]
[EventDate "2020.07.08"]
[EventType "k.o. (blitz)"]
[EventRounds "4"]
[EventCountry "USA"]
[SourceTitle "CBM 197 Extra"]
[Source "ChessBase"]
[SourceDate "2020.09.30"]
[SourceVersion "1"]
[SourceVersionDate "2020.09.30"]
[SourceQuality "1"]

1. e4 e5 2. Bc4 Nf6 3. d3 Nc6 4. Nc3 Na5 5. Nge2 Nxc4 6. dxc4 Be7 7. Qd3 O-O 8.
h3 d6 9. Be3 Be6 10. g4 Nd7 11. O-O-O Bg5 12. b3 a5 13. a4 Nc5 14. Qd2 Bxe3 15.
Qxe3 f6 16. Rhg1 Qe7 17. h4 c6 18. f4 exf4 19. Qxf4 Rad8 20. Nd4 Bc8 21. Nf5
Qe5 22. Qxe5 dxe5 23. Rxd8 Rxd8 24. g5 Bxf5 25. exf5 Kf7 26. Rg4 g6 27. fxg6+
hxg6 28. gxf6 Kxf6 29. Ne2 e4 30. Ng3 e3 31. Rf4+ Ke5 32. Rg4 Rd6 33. Rg5+ Kf4
34. Ne2+ Kf3 35. Ng1+ Kf2 36. Nh3+ Kf1 37. Rg1+ Ke2 38. Ng5 Rf6 39. Kb2 Kd2 0-1

[Event "Speed Chess (Women) GP3"]
[Site "Chess.com INT"]
[Date "2020.07.12"]
[Round "4.4"]
[White "Khademalsharieh, Sarasadat"]
[Black "Kosteniuk, Alexandra"]
[Result "0-1"]
[WhiteElo "2494"]
[BlackElo "2471"]
[PlyCount "69"]
[EventDate "2020.07.08"]
[EventType "k.o. (blitz)"]
[EventRounds "4"]
[EventCountry "USA"]
[SourceTitle "CBM 197 Extra"]
[Source "ChessBase"]
[SourceDate "2020.09.30"]
[SourceVersion "1"]
[SourceVersionDate "2020.09.30"]
[SourceQuality "1"]

1. d4 Nf6 2. c4 e6 3. Nf3 Bb4+ 4. Nbd2 O-O 5. g3 b6 6. Bg2 Bb7 7. O-O d5 8.
cxd5 exd5 9. Ne5 Re8 10. Nd3 Bf8 11. Nf3 c5 12. dxc5 bxc5 13. Bg5 h6 14. Bxf6
Qxf6 15. Rc1 Qb6 16. b3 Nd7 17. Nf4 Nf6 18. Qc2 d4 19. Rfd1 Ne4 20. e3 Nc3 21.
Re1 Be4 22. Qd2 Qb7 23. exd4 cxd4 24. Nxd4 Bxg2 25. Nxg2 Ne4 26. Qf4 Ng5 27.
Qg4 Ba3 28. Rcd1 Rxe1+ 29. Rxe1 Rd8 30. Nh4 Qb4 31. Rd1 Bb2 32. Nhf5 Bxd4 33.
h4 Ne6 34. Nxh6+ Kf8 35. Kg2 0-1

[Event "Speed Chess (Women) GP3"]
[Site "Chess.com INT"]
[Date "2020.07.12"]
[Round "4.5"]
[White "Kosteniuk, Alexandra"]
[Black "Khademalsharieh, Sarasadat"]
[Result "1-0"]
[WhiteElo "2471"]
[BlackElo "2494"]
[PlyCount "61"]
[EventDate "2020.07.08"]
[EventType "k.o. (blitz)"]
[EventRounds "4"]
[EventCountry "USA"]
[SourceTitle "CBM 197 Extra"]
[Source "ChessBase"]
[SourceDate "2020.09.30"]
[SourceVersion "1"]
[SourceVersionDate "2020.09.30"]
[SourceQuality "1"]

1. e4 e5 2. Nf3 Nc6 3. Bb5 a6 4. Ba4 g6 5. d4 b5 6. Bb3 exd4 7. a4 b4 8. Nxd4
Na5 9. Ba2 Bg7 10. O-O Ne7 11. c3 c5 12. Ne2 O-O 13. Bg5 h6 14. Be3 Qb6 15. Nd2
Bb7 16. cxb4 Qxb4 17. Qc2 Rac8 18. Nc3 c4 19. Rad1 d5 20. exd5 Nxd5 21. Nde4
Nxe3 22. fxe3 Bxe4 23. Nxe4 Qxb2 24. Rf2 Qxc2 25. Rxc2 Rfe8 26. Nd6 Red8 27.
Rd5 Rc6 28. Rxa5 Rdxd6 29. Bxc4 Rd1+ 30. Kf2 Be5 31. Rxe5 1-0

[Event "Speed Chess (Women) GP3"]
[Site "Chess.com INT"]
[Date "2020.07.12"]
[Round "4.6"]
[White "Khademalsharieh, Sarasadat"]
[Black "Kosteniuk, Alexandra"]
[Result "1/2-1/2"]
[WhiteElo "2494"]
[BlackElo "2471"]
[PlyCount "104"]
[EventDate "2020.07.08"]
[EventType "k.o. (blitz)"]
[EventRounds "4"]
[EventCountry "USA"]
[SourceTitle "CBM 197 Extra"]
[Source "ChessBase"]
[SourceDate "2020.09.30"]
[SourceVersion "1"]
[SourceVersionDate "2020.09.30"]
[SourceQuality "1"]

1. Nf3 Nf6 2. c4 c5 3. g3 Nc6 4. Bg2 d5 5. cxd5 Nxd5 6. O-O e5 7. Nc3 Nc7 8. d3
Be7 9. a3 Be6 10. Be3 Rb8 11. Nd2 O-O 12. Bxc6 bxc6 13. Qa4 Nd5 14. Nc4 Nxe3
15. Nxe3 Rxb2 16. Qxc6 Qc8 17. Qxc8 Rxc8 18. Nc4 Bxc4 19. dxc4 e4 20. Rab1 Rcb8
21. Rxb2 Rxb2 22. Rb1 Rxb1+ 23. Nxb1 f5 24. Nc3 Kf7 25. Nb5 a6 26. Nc7 a5 27.
a4 Bd6 28. Nd5 Ke6 29. f3 Ke5 30. Nc3 Be7 31. Nb5 exf3 32. exf3 f4 33. g4 g6
34. Kf1 h5 35. h3 Bd8 36. Ke2 Be7 37. Kd3 Bd8 38. Nc3 Be7 39. Nd5 Bd8 40. Nc3
Be7 41. Ne4 hxg4 42. hxg4 Ke6 43. Nd2 Ke5 44. Nf1 Bd8 45. Nd2 Bc7 46. Nb3 Bb6
47. Kc3 Ke6 48. Kd3 Ke5 49. Kd2 Ke6 50. Kc2 Kf6 51. Kc3 Ke6 52. Kd3 Ke5 1/2-1/2

[Event "Speed Chess (Women) GP3"]
[Site "Chess.com INT"]
[Date "2020.07.12"]
[Round "4.7"]
[White "Kosteniuk, Alexandra"]
[Black "Khademalsharieh, Sarasadat"]
[Result "1-0"]
[WhiteElo "2471"]
[BlackElo "2494"]
[PlyCount "49"]
[EventDate "2020.07.08"]
[EventType "k.o. (blitz)"]
[EventRounds "4"]
[EventCountry "USA"]
[SourceTitle "CBM 197 Extra"]
[Source "ChessBase"]
[SourceDate "2020.09.30"]
[SourceVersion "1"]
[SourceVersionDate "2020.09.30"]
[SourceQuality "1"]

1. e4 e5 2. Nf3 Nc6 3. Bc4 Bc5 4. d3 Nf6 5. a4 a6 6. a5 O-O 7. c3 Re8 8. Qb3
Rf8 9. O-O Be7 10. Re1 d6 11. h3 Qe8 12. d4 Nd7 13. Be3 Rb8 14. Nbd2 Bd8 15.
Qa2 Ne7 16. Nf1 c6 17. Ng3 Bc7 18. b4 Ng6 19. Rad1 Nf6 20. dxe5 Nxe5 21. Nxe5
Qxe5 22. Bd4 Qg5 23. Be3 Qe5 24. Qc2 Be6 25. f4 1-0

[Event "Speed Chess (Women) GP3"]
[Site "Chess.com INT"]
[Date "2020.07.12"]
[Round "4.8"]
[White "Khademalsharieh, Sarasadat"]
[Black "Kosteniuk, Alexandra"]
[Result "0-1"]
[WhiteElo "2494"]
[BlackElo "2471"]
[PlyCount "114"]
[EventDate "2020.07.08"]
[EventType "k.o. (blitz)"]
[EventRounds "4"]
[EventCountry "USA"]
[SourceTitle "CBM 197 Extra"]
[Source "ChessBase"]
[SourceDate "2020.09.30"]
[SourceVersion "1"]
[SourceVersionDate "2020.09.30"]
[SourceQuality "1"]

1. d4 Nf6 2. c4 e6 3. Nf3 Bb4+ 4. Bd2 Qe7 5. g3 Bxd2+ 6. Qxd2 Nc6 7. Nc3 d5 8.
cxd5 exd5 9. Bg2 O-O 10. O-O h6 11. Rac1 Bf5 12. Nh4 Be6 13. f4 Rad8 14. f5 Bc8
15. Rce1 Rfe8 16. e3 b6 17. h3 Na5 18. b3 c5 19. dxc5 Qxc5 20. Rf4 Nc6 21. b4
Qe7 22. Nxd5 Nxd5 23. Bxd5 Qf6 24. Qg2 Ne5 25. Rd1 Rd6 26. Rfd4 Red8 27. e4 Bb7
28. Kh2 R8d7 29. R4d2 Qd8 30. Ng6 Nxg6 31. fxg6 Bxd5 32. exd5 Rxg6 33. Rd4 Qc7
34. R1d2 Qd6 35. h4 h5 36. Qf3 Re7 37. Rf4 Rh6 38. Rf2 f6 39. Rc2 Rd7 40. Rd4
Qe5 41. Rc8+ Kf7 42. Qd3 Rg6 43. Rc2 Rg4 44. Rxg4 hxg4 45. Rd2 g6 46. d6 Kg7
47. Qc4 Qe3 48. Qc2 Qe6 49. Qc6 Kh6 50. Qd5 Qe3 51. Qd4 Qxd4 52. Rxd4 f5 53.
Kg2 Kg7 54. Kf2 Kf6 55. Ke3 Ke5 56. Rc4 Kxd6 57. Rc7 Rxc7 0-1